Литература. Ч. 2 (Запись № 12137578)

Подробности
000 -МАРКЕР
контрольное поле 01264nam2a2200241 4500
001 - ИДЕНТИФИКАТОР ЗАПИСИ
контрольное поле RU\NLR\BIBL_A\011858086
005 - ИДЕНТИФИКАТОР ВЕРСИИ
контрольное поле 20181211171640.0
010 ## - МЕЖДУНАРОДНЫЙ СТАНДАРТНЫЙ НОМЕР КНИГИ (ISBN)
Номер (ISBN) 978-5-346-04273-0
Уточнения ч. 2
Тираж 400
021 ## - НОМЕР ГОСУДАРСТВЕННОЙ РЕГИСТРАЦИИ
Код страны Российская Федерация
Номер КН-П-18-077219
Номер Листа государственной регистраци КН-П-18-5583
035 ## - ДРУГИЕ СИСТЕМНЫЕ НОМЕРА
Идентификатор записи (NLR Aleph) 011858086
100 ## - ДАННЫЕ ОБЩЕЙ ОБРАБОТКИ
Данные общей обработки 20181108d2019 u y0rusy50 ca
101 0# - ЯЗЫК РЕСУРСА
Язык текста, звукозаписи и т.д. русский
102 ## - СТРАНА ПУБЛИКАЦИИ ИЛИ ПРОИЗВОДСТВА
Страна публикации Российская Федерация
105 ## - ПОЛЕ КОДИРОВАННЫХ ДАННЫХ: ТЕКСТОВЫЕ МАТЕРИАЛЫ, МОНОГРАФИЧЕСКИЕ
Кодированные данные о монографическом текстовом документе y z 000 y
200 0# - ЗАГЛАВИЕ И СВЕДЕНИЯ ОБ ОТВЕТСТВЕННОСТИ
Основное заглавие Ч. 2
210 ## - ПУБЛИКАЦИЯ, РАСПРОСТРАНЕНИЕ И ДР.
Дата издания, распространения и т.д. 2019 [т.е. 2018]
300 ## - ОБЩИЕ ПРИМЕЧАНИЯ
Текст примечания Кн. фактически издана в 2018 г.
461 #0 - УРОВЕНЬ НАБОРА
Встроенное поле 001RU\NLR\BIBL_A\011858080
-- 2001#$aЛитература$e9 класс$eучебник для общеобразовательных организаций$eв трёх частях$f[составители : Г.И. Беленький и др.$gпод редакцией Г.И. Беленького]$vЧ. 2
Системный номер (АБИС) связанной записи 12137546
Место публикации Москва
Дата публикации 2019
Издание 20-е изд., стер.
Первые сведения об ответственности [составители : Г.И. Беленький и др.
Имя издателя, распространителя и т.д. Мнемозина
Сведения, относящиеся к заглавию 9 класс : учебник для общеобразовательных организаций : в трёх частях
Заглавие Литература
ISBN 9785346042716
Номер тома Ч. 2
942 ## - ДОПОЛНИТЕЛЬНЫЕ ЭЛЕМЕНТЫ ЗАПИСИ (АБИС)
Тип экземпляра АБИС Книга
980 ## - КОЛЛЕКЦИЯ
Название коллекции Национальная библиография
Экземпляры
Тип экземпляра Дата поступления Источник поступления Стоимость Библиотека постоянного хранения Библиотека текущего хранения Место хранения Шифр хранения Штрих-код Статус экземпляра
Книга 08.11.2018 Обязательный экземпляр 0.00 РНБ (Московский) РНБ (Московский) Русский книжный фонд: издания с 1957 года 2018-5/8130 1-2528490  
Книга 08.11.2018 Обязательный экземпляр 0.00 РНБ (Московский) РНБ (Московский) Обменный фонд   1-2528489